|
|
|
|
| LEADER |
00000nam0a2200000 4500 |
| 001 |
375818 |
| 005 |
20231102012752.0 |
| 035 |
|
|
|a (RuTPU)RU\TPU\retro\33257
|
| 035 |
|
|
|a RU\TPU\book\304054
|
| 090 |
|
|
|a 375818
|
| 100 |
|
|
|a 20221221d1986 k y0rusy50 ca
|
| 101 |
0 |
|
|a rus
|
| 102 |
|
|
|a RU
|
| 105 |
|
|
|a a z 001zy
|
| 200 |
1 |
|
|a Математическое моделирование гидрометеорологических процессов
|f Среднеазиатский региональный научно-исследовательский институт им. В. А. Бугаева (САНИИ) ; под ред. Ю. М. Денисова, Л. Н. Боровиковой
|
| 210 |
|
|
|a Москва
|c Гидрометеоиздат
|d 1986
|
| 215 |
|
|
|a 84 с.
|c ил.
|
| 225 |
1 |
|
|a Труды Среднеазиатского регионального научно-исследовательского ин-та им. В. А. Бугаева (САНИИ)
|v Вып. 111 (192)
|
| 320 |
|
|
|a Библиография в конце статей
|
| 606 |
1 |
|
|a Гидрометеорология
|2 stltpush
|3 (RuTPU)RU\TPU\subj\6759
|9 34563
|
| 610 |
1 |
|
|a математическое моделирование
|
| 610 |
1 |
|
|a растительный покров
|
| 610 |
1 |
|
|a радиационный режим
|
| 610 |
1 |
|
|a снежный покров
|
| 610 |
1 |
|
|a снегозапасы
|
| 610 |
1 |
|
|a метеоэлементы
|
| 610 |
1 |
|
|a изолинии
|
| 610 |
1 |
|
|a построение
|
| 675 |
|
|
|a 551.579
|v 3
|
| 702 |
|
1 |
|a Денисов
|b Ю. М.
|4 340
|
| 702 |
|
1 |
|a Боровикова
|b Л. Н.
|4 340
|
| 712 |
0 |
2 |
|a Среднеазиатский региональный научно-исследовательский институт им. В. А. Бугаева (САНИИ)
|2 stltpush
|3 (RuTPU)RU\TPU\col\10606
|
| 801 |
|
1 |
|a RU
|b 63413507
|c 20150112
|
| 801 |
|
2 |
|a RU
|b 63413507
|c 20221221
|g RCR
|
| 942 |
|
|
|c BK
|